| 000 | 01632nam0a22003131 4500 | ||
|---|---|---|---|
| 001 | rc\3793492 | ||
| 005 | 20260406205609.0 | ||
| 021 |
_aRU _b[75-70581] |
||
| 035 | _a(NLR Aleph) 007252977 | ||
| 090 |
_a5225170 _c5225170 |
||
| 100 | _a20260208 rusy50 | ||
| 101 | 0 | _arus | |
| 102 | _aRU | ||
| 105 | _ay z ||||| | ||
| 200 | 1 |
_aБиологически активные вещества в хвое и листьях древесных пород Сибири _fНауч.-техн. о-во лесной пром-сти и лесного хоз-ва. Краснояр. краев. правл. Ин-т леса и древесины им. В.Н. Сукачева. Сиб. отд-ние АН СССР |
|
| 210 |
_aКрасноярск _cБ. и. _d1975 |
||
| 215 |
_a16 с. _d21 |
||
| 225 | 1 |
_aЛесные растительные ресурсы Сибири _eМетод. разраб. |
|
| 300 | _aНа обороте тит. л. сост.: Г.А. Богданова | ||
| 606 |
_aХвоя _xБиологически активные вещества _yСибирь _2psbo |
||
| 606 |
_aДревесные растения _xЛистья _xБиологически активные вещества _yСибирь _2psbo |
||
| 702 | 1 |
_aБогданова _bГ.А. _4220 |
|
| 712 | 0 | 2 |
_4570 _aНТО лесной промышленности и лесного хозяйства _cМосква _bКрасноярское краевое правление _3RU\NLR\AUTH\889966238 _9428780 |
| 801 | 0 |
_aRU _bNLR _gpsbo |
|
| 801 | 1 |
_aRU _bELAR _2rusmarc |
|
| 852 |
_aNLR _j75-6/4857 |
||
| 942 | _cBOOK | ||
| 980 | _aNB | ||